UBT Library

Listen / (Record no. 45042)

000 -LEADER
fixed length control field 00772cam a2200265 a 4500
001 - CONTROL NUMBER
control field 14998576
005 - DATE AND TIME OF LATEST TRANSACTION
control field 20180314092250.0
007 - PHYSICAL DESCRIPTION FIXED FIELD--GENERAL INFORMATION
fixed length control field vd cvaiz|
008 - FIXED-LENGTH DATA ELEMENTS--GENERAL INFORMATION
fixed length control field 070907s2008 maua 001 0 eng
010 ## - LIBRARY OF CONGRESS CONTROL NUMBER
LC control number 2007562757
020 ## - INTERNATIONAL STANDARD BOOK NUMBER
International Standard Book Number 0312434197
020 ## - INTERNATIONAL STANDARD BOOK NUMBER
International Standard Book Number 9780312434199
035 ## - SYSTEM CONTROL NUMBER
System control number (OCoLC)ocm84854049
035 ## - SYSTEM CONTROL NUMBER
System control number (OCoLC)84854049
040 ## - CATALOGING SOURCE
Original cataloging agency XFF
Transcribing agency XFF
Modifying agency BAKER
-- DLC
041 ## - LANGUAGE CODE
Language code of text/sound track or separate title eng
042 ## - AUTHENTICATION CODE
Authentication code lccopycat
080 ## - UNIVERSAL DECIMAL CLASSIFICATION NUMBER
Universal Decimal Classification number 78 JOS
100 1# - Rafti
Rafti 48
101 ## - Shkurtesa
Shkurtesa MUS
245 10 - TITLE STATEMENT
Title Listen /
Statement of responsibility, etc Joseph Kerman ; Gary Tomlinson ; with Vivian Kerman.
906 ## - LOCAL DATA ELEMENT F, LDF (RLIN)
a 7
b cbc
c copycat
d 3
e ncip
f 20
g y-gencatlg
942 ## - ADDED ENTRY ELEMENTS (KOHA)
Source of classification or shelving scheme
Item type Books
Holdings
Withdrawn status Lost status Source of classification or shelving scheme Damaged status Not for loan Collection code Permanent location Current location Shelving location Date acquired Total Checkouts Full call number Barcode Date last seen Price effective from Koha item type
          Koleksioni i përgjithshem UBT - Lipjan UBT - Lipjan Koleksioni i përgjithshem 03/14/2018   78 JOS 002-3001956 03/14/2018 03/14/2018 Books
          Koleksioni i përgjithshem UBT - Lipjan UBT - Lipjan Koleksioni i përgjithshem 03/14/2018   78 JOS 002-3001961 03/14/2018 03/14/2018 Books
          Koleksioni i përgjithshem UBT - Lipjan UBT - Lipjan Koleksioni i përgjithshem 03/14/2018   78 JOS 002-3001966 03/14/2018 03/14/2018 Books
          Koleksioni i përgjithshem UBT - Lipjan UBT - Lipjan Koleksioni i përgjithshem 03/14/2018   78 JOS 002-3001971 03/14/2018 03/14/2018 Books
          Koleksioni i përgjithshem UBT - Lipjan UBT - Lipjan Koleksioni i përgjithshem 03/14/2018   78 JOS 002-3001976 03/14/2018 03/14/2018 Books
UBT Library © 2015-2024. All rights reserved University Education for Business and Technology